Alcances y límites de la reforma en la universidad pública mexicana /

Enregistré dans:
Détails bibliographiques
Auteur principal: Ordorika Sactristán, Imanol
Format: Texte
Sujets:
Tags: Ajouter un tag
Pas de tags, Soyez le premier à ajouter un tag!

MARC

LEADER 00000 a a2200000 04500
001 46012
003
040
100 |a Ordorika Sactristán, Imanol  
245 |a Alcances y límites de la reforma en la universidad pública mexicana /  |c Imanol Ordorika Sacristán  
650 |a NEOLIBERALISMO  
650 |a MEXICO  
650 |a AMERICA LATINA  
773 |g número59 (1992), páginas 2-6  
999 |c 24627  |d 24627